General Knowledge Quiz - Statistics

General Stats
  • This quiz has been taken 39 times
  • The average score is 9 of 15
Answer Stats
Hint Answer % Correct
What vitamin do lemons have the most of? Vitamin C
97%
How many Harry Potter books are there? 7
89%
What animal is King Kong? Gorilla
89%
_______ Reynolds (Canadian actor) Ryan
89%
What is the tallest mountain in the world? Mount Everest
86%
What the S in NASA means Space
86%
What color is Sonic the Hedgehog? Blue
74%
What lies at the center of the Milky Way? A black hole
60%
The letter T in the NATO phonetic alphabet Tango
60%
The capital of Ethiopia Addis Ababa
46%
Who is the god of poetry? Apollo
29%
Who is the orange robot in Star Wars: The Force Awakens? BB-8
26%
Who is the man in the thumbnail? Albert Einstien
23%
What is the name of Maleficent's pet raven? Diablo
6%
What was the first Game Boy (other than the original)? Game Boy Pocket
6%
No matching quizzes found
Score Distribution
Percent of People with Each Score
Percentile by Number Answered
Your Score History
You have not taken this quiz